| 000 | 01051cam a2200265 a 4500 | ||
|---|---|---|---|
| 001 | 000019673 | ||
| 005 | 20200929170110.0 | ||
| 008 | 840830s1969 sp ab 000 0 spa d | ||
| 040 |
_aDO-SdBNP _cCarP _dDLC _dBNPHU |
||
| 043 | _ae-sp--- | ||
| 050 | 0 | 0 |
_aHD1697.S74 _bT34 |
| 082 |
_annn _bL864t |
||
| 100 | 1 |
_aLópez Palomero, Félix V., _d1935- _942127 |
|
| 245 | 1 | 3 |
_aEl trasvase Tajo-Segura / _cFélix V. López Palomero. |
| 260 |
_aMadrid : _bGuadiana de Publicaciones, _c1969. |
||
| 300 |
_a164 p. : _bil., mapas ; _c18 cm. |
||
| 490 | 1 |
_aBiblioteca universitaria de economía _v11 |
|
| 650 | 0 |
_aWater resources development _zTagus River Watershed (Spain And Portugal{Rpara} _942128 |
|
| 650 | 0 |
_aWater resources development _zSpain _zSegura River Watershed. _942129 |
|
| 650 | 0 |
_aIrrigation _zSpain _zTagus River Watershed (Spain And Portugal{Rpara} _942130 |
|
| 650 | 0 |
_aIrrigation _zSpain _zSegura River Watershed. _942131 |
|
| 830 | 0 |
_aBiblioteca universitaria de economía ; _v11 _930922 |
|
| 910 | _aCatalogación derivada / LC | ||
| 049 | _aBNGR | ||
| 999 |
_c19189 _d19189 |
||